=LDR 00000nam 2200000 4500 =001 INLIS000000000040207 =005 20130612145801 =008 ***********************************Ind** =035 ##$$0010-061300000040207 =041 ##$$a Ind =082 ##$$a 813 =090 ##$$a 813, Asm p =100 ##$$a Asmara, Sekar Ayu =245 ##$$a Pintu terlarang, Sebar Ayu Asmara =260 ##$$a 2009 $b Jakarta =300 ##$$a 264 hlm, 20 cm =650 ##$$a Fiksi Dewasa =850 ##$$a NBPNMAT =990 ##$$a 0001/BPAP-NTB/20142014